LIBRARY & INFORMATION CENTRE, KCAET, TAVANUR

ONLINE PUBLIC ACCESS CATALOGUE (OPAC)

Riddle of Shakespeare`s Sonnets / (Record no. 11896)

MARC details
000 -LEADER
fixed length control field 00442cam a2200169ua 4500
041 ## - LANGUAGE CODE
Language code of text/sound track or separate title eng
082 ## - DEWEY DECIMAL CLASSIFICATION NUMBER
Classification number 828.09
Item number HUB/RI
100 ## - MAIN ENTRY--AUTHOR NAME
Personal name Hubler, Edward .
245 ## - TITLE STATEMENT
Title Riddle of Shakespeare`s Sonnets /
260 ## - PUBLICATION, DISTRIBUTION, ETC. (IMPRINT)
Place of publication London :
Name of publisher Basic books publishing co. ,
Year of publication 1962.
300 ## - PHYSICAL DESCRIPTION
Number of Pages 346 ;
Accompanying material `.
942 ## - ADDED ENTRY ELEMENTS (KOHA)
Koha item type Books
Holdings
Withdrawn status Lost status Damaged status Home library Current library Date acquired Cost, normal purchase price Full call number Accession Number Koha item type
Withdrawn     KAUAET KAUAET 07/04/2012 32.00 828.09 6806 Books
free website counter